Výkonnosť a výnosovosť podniku
Výklad pojmov výkonnosť a výnosovosť podniku. Výkonnosť podniku a jej hodnotitelia. Alternatívne nástroje hodnotenia výkonnosti. Vzťah výkonnosti a výnosovosti. Konštrukcia ukazovateľa výnosovosti. Problém definovania vaužívaných zdrojov. Tradičné ukazovatele výnosovosti. Nové ukazovatele výnosovost...
Salvato in:
| Autore principale: | |
|---|---|
| Natura: | Capitolo di libro |
| Lingua: | slovacco |
| Soggetti: | |
| Tags: |
Nessun Tag, puoi essere il primo ad aggiungerne!!
|
MARC
| LEADER | 00000naa$a2200000$$$4500 | ||
|---|---|---|---|
| 001 | 0002802 | ||
| 005 | 20231002120052.3 | ||
| 041 | 0 | |a slo | |
| 044 | |a SK | ||
| 245 | 1 | 0 | |a Výkonnosť a výnosovosť podniku |c aut. Oliver Prokeš |
| 520 | |a Výklad pojmov výkonnosť a výnosovosť podniku. Výkonnosť podniku a jej hodnotitelia. Alternatívne nástroje hodnotenia výkonnosti. Vzťah výkonnosti a výnosovosti. Konštrukcia ukazovateľa výnosovosti. Problém definovania vaužívaných zdrojov. Tradičné ukazovatele výnosovosti. Nové ukazovatele výnosovosti. Záver. | ||
| 610 | 2 | 0 | |a výkonnosť |
| 610 | 2 | 0 | |a výkony podnikové |
| 610 | 2 | 0 | |a výnosnosť |
| 610 | 2 | 0 | |a výnosy podnikové |
| 610 | 2 | 0 | |a ukazovatele |
| 610 | 2 | 0 | |a analýzy |
| 100 | 1 | |a Prokeš, Oliver | |